Systematická a funkčná športanatómia : Pre vzdelávanie trénerov

Gespeichert in:
Bibliographische Detailangaben
1. Verfasser: Bínovský, Alexander (Verfasst von)
Format: Buch
Sprache:Slowakisch
Veröffentlicht: Bratislava : Peter Mačura - PEEM, 2001
Ausgabe:3. vyd.
Schlagworte:
Tags: Tag hinzufügen
Keine Tags, Fügen Sie das erste Tag hinzu!

MARC

LEADER 00000nam a22000003a 4500
001 stu78890
005 20150617225643.8
008 030131s2001----xo------------------slo-d
020 |a 80-88901-42-1 
040 |a STU  |b slo 
041 0 |a slo 
044 |a xo 
080 |a 796 
100 1 |a Bínovský, Alexander  |4 aut 
245 1 |a Systematická a funkčná športanatómia :  |b Pre vzdelávanie trénerov 
250 |a 3. vyd. 
260 |a Bratislava :  |b Peter Mačura - PEEM,  |c 2001 
300 |a 246 s 
650 7 |a výchova telesná  |2 stusub 
996 |b 284M038991  |c M*11032-1  |l MMKN  |s A  |a 24  |w stu78890_0001